MLA Handbook for Writers of Research Papers /

Kaydedildi:
Detaylı Bibliyografya
Yazar: Gibaldi, Joseph (autor)
Materyal Türü: Kitap
Dil:İngilizce
Baskı/Yayın Bilgisi: Nueva York, EUA : The Modern Language Association of America, 2003, c2003
Edisyon:6a edición
Konular:
Etiketler: Etiketle
Etiket eklenmemiş, İlk siz ekleyin!

MARC

LEADER 00000nam^a2200000^a^4500
001 000275760
005 20250521000000.0
009 20260310111242.078
020 |a 0-87352-987-1 
037 |a Acervo ITESO - Biblioteca 
041 |a ING 
082 |a 001. 4  |b GIB 
100 |a Gibaldi, Joseph  |e (autor) 
245 1 0 |a MLA Handbook for Writers of Research Papers /  |c J. Gibaldi ; pról. de Phyllis Franklin. 
250 |a 6a edición 
264 4 |a Nueva York, EUA :  |b The Modern Language Association of America,  |c 2003, c2003 
300 |a XVII, 361 p. 
336 |a texto  |b txt  |2 rdacontenido 
337 |a sin mediación  |b n  |2 rdamedio 
338 |a volumen  |b nc  |2 rdasoporte 
649 |a XX 
650 |a Estilo Literario 
650 |a Redacción 
650 |a Retórica 
650 |a Investigación -  |x Informes 
650 |a Investigación -  |x Manuales 
650 |a Investigación -  |x Metodología 
910 |a Fondo General 
920 |a Impresos - Libros 
930 |a Obras de Referencia 
905 |a 102 
901 |a 0500099993  |b IT2  |c REF  |u 20250521 
902 |a https://opac.biblio.iteso.mx/vufind/Record/000275760